| 000 | 00450nam a2200133Ia 4500 | ||
|---|---|---|---|
| 008 | 250506s9999 xx 000 0 und d | ||
| 024 | _a07A-68-EE, 07A-101-EE, 07A-115-EE & 07A-161-EE | ||
| 082 | _a629.83072 SAN | ||
| 100 | _aSana Khan, Arsalan Khan, Saad-ur-Rahman & Rao Raees Alam | ||
| 245 | 0 | _aRFID Based Fuel Controlling System | |
| 260 |
_aKarachi: _bUIT, _c2007 |
||
| 600 | _aElectronic Engineering | ||
| 650 | _aBachelor of Engineering (BE) | ||
| 999 |
_c27882 _d27882 |
||